| 000 | 00361nam a22001577a 4500 | ||
|---|---|---|---|
| 020 | _a81-7573-091-9 | ||
| 082 |
_a001 _bMEH/G |
||
| 100 | _aMEHRA, S K | ||
| 100 | _aSRIVASTAVA, D K | ||
| 100 | _aCHUTANI, H K | ||
| 245 | _aGK QUIZ FOR ALL | ||
| 260 |
_aDELHI _bTINY TOT PUBLICATIONS _c2008 |
||
| 300 | _a258 | ||
| 650 |
_aGENERAL KNOWLEDGE _zINDIA |
||
| 942 | _cBK | ||
| 999 |
_c6605 _d6605 |
||